LDR 01105naa#a2200205#i#450# 001 RU\\bibl\123007 005 20260705110431.7 011 ## _a2686-9896 100 ## _a20260515b2026####ek#y0rusy0150####ca 102 ## _aRU 200 1# _aПРОБЛЕМЫ ЭНЕРГЕТИКИ ИРКУТСКОЙ ОБЛАСТИ И ПУТИ ИХ РЕШЕНИЯ В СОВРЕМЕННЫХ УСЛОВИЯХ _eЖурнальная статья 210 1# _aАнгарск _cФГБОУ ВО "Ангарский государственный технический университет" _d2026 215 ## _a1 с. 608 ## _aЖурнальная статья _2local 675 ## _aОбщее машиностроение. Ядерная техника. Электротехника. Технология машиностроения в целом. 621 _z 700 #1 _aБуякова _gНаталья Васильевна 700 #1 _aНефедова _gРегина Алексеевна 700 #1 _aНефедов _gСергей Леонидович 700 #1 _aСмышляев _gВсеволод Викторович 856 4# _aangtu.editorum.ru _u